| 000 | 01819cam a22003251i 4500 | ||
|---|---|---|---|
| 003 | SA-RiAUC | ||
| 005 | 20250224083903.0 | ||
| 008 | 250219s1953 ua g 0001m ara c | ||
| 040 |
_aSA-JeALM _bara _cSA-RiAUC _erda |
||
| 082 |
_a810. 8 _bق ا ل |
||
| 082 | 0 | 4 |
_a810.8005 _qSA-RiAUC |
| 090 |
_aن 810. 8 _b ا ب و ع |
||
| 100 | 1 |
_aأبو علي القالي، إسماعيل بن القاسم بن عيذون، _d288-356 هجري _eمؤلف. |
|
| 245 | 1 | 0 |
_aكتاب الأمالي ؛ _bويليه الجزء الثاني و ( الذيل والنوادر ) للمؤلف _cتأليف أبي علي إسماعيل بن القاسم القالي. ويليهما كتاب التنبيه / لأبي عبيد البكري. |
| 246 | 3 | 0 | _aالأمالي |
| 250 | _aالطبعة الثالثة. | ||
| 264 | 1 |
_aالقاهرة : _bالمكتبة التجارية الكبرى، _bمطبعة السعادة. _c1953 |
|
| 300 |
_aمجلد ؛ _c28 سم |
||
| 336 |
_aنص _btxt _2rdacontent _3كتاب |
||
| 337 |
_aبدون وسيط _bn _2rdamedia |
||
| 338 |
_aمجلد _bnc _2rdacarrier |
||
| 500 | _aملاحظات من الشيخ رحمه الله في بداية الكتاب + تملكه للكتاب ايام كان طالبا بكلية السريعة بمكة 1376 هـ | ||
| 650 | 7 |
_aالأدب العربي _yالعصر العباسي الثاني _vمجموعات _2aucsh |
|
| 700 | 1 | 2 |
_aأبو عبيد البكري، عبد الله بن عبد العزيز بن محمد، _dتوفي 487 هجري. _tالتنبيه على أوهام أبي علي في أماليه. |
| 740 | 2 | 2 | _aالتنبيه على أوهام أبي علي في أماليه. |
| 740 | 0 | 2 | _aذيل الأمالي والنوادر. |
| 740 | 2 | 2 | _aالنوادر. |
| 942 |
_2ddc _cRARE BOOK _n0 |
||
| 949 |
_aSA-JeALM _d250219 _uosman123 _n1 |
||
| 999 |
_c6102 _d6102 |
||